Campaña de doce meses en Navarra y las provincias vascongadas con el general Zumalacárregi / (Record no. 79279)

MARC details
000 -LEADER
campo de control de longitud fija 00673nam a2200181 i 4500
001 - NÚMERO DE CONTROL
campo de control 79279
003 - IDENTIFICADOR DE NÚMERO DE CONTROL
campo de control ES-MaACL
005 - FECHA Y HORA DE LA ÚLTIMA TRANSACCIÓN
campo de control 20231204174138.0
007 - CAMPO FIJO DE DESCRIPCIÓN FÍSICA--INFORMACIÓN GENERAL
campo de control de longitud fija t|
008 - DATOS DE LONGITUD FIJA--INFORMACIÓN GENERAL
campo de control de longitud fija 041020s1935 sp ||||1| spa d
100 1# - ENTRADA PRINCIPAL--NOMBRE DE PERSONA
Nombre de persona Henningsen, Charles Frederick.
9 (RLIN) 62565
245 10 - MENCIÓN DEL TÍTULO
Título Campaña de doce meses en Navarra y las provincias vascongadas con el general Zumalacárregi /
Mención de responsabilidad, etc. por C.F. Henningsen ; traducida directamente del inglés por Román Oyarzun.
260 ## - PUBLICACIÓN, DISTRIBUCIÓN, ETC.
Lugar de publicación, distribución, etc. Madrid :
Nombre del editor, distribuidor, etc. [s.n.],
Fecha de publicación, distribución, etc. 1935 (
Fabricante Imp. de Juan Pueyo)
300 ## - DESCRIPCIÓN FÍSICA
Extensión XV, 501 p. :
Otras características físicas retr. ;
Dimensiones 20 cm.
700 1# - ENTRADA AGREGADA--NOMBRE PERSONAL
Nombre de persona Oyarzun, Román,
Fechas asociadas al nombre 1882-1968
9 (RLIN) 88054
852 ## - LOCALIZACIÓN
Ubicación ES-MaACL
Número de control de estantería A-5316
Sublocalización o colección R.18470
Holdings
Estatus retirado Estado de pérdida Estado de daño No para préstamo Biblioteca de origen Biblioteca actual Ubicación en estantería Fecha de adquisición Fuente de adquisición Total de préstamos Signatura topográfica completa Código de barras Visto por última vez Precio de reemplazo Tipo de ítem Koha
        Biblioteca del Ateneo de Madrid Biblioteca del Ateneo de Madrid Sala Pecera Planta 1 17/01/2008     A-5316 1082906 23/02/2023 23/02/2023 Libro impreso